Popular lectures in undergraduate mathematics / (Record no. 39080)

MARC details
000 -LEADER
fixed length control field 00793nam a22002177a 4500
005 - DATE AND TIME OF LATEST TRANSACTION
control field 20100803165243.0
010 ## - LCCN (DPL NO)
LC control number ENG-97957
020 ## - INTERNATIONAL STANDARD BOOK NUMBER
International Standard Book Number 9788173716621
Terms of availability 375.00
035 ## - SYSTEM CONTROL NUMBER
System control number EN-81490
037 ## - SOURCE OF ACQUISITION
Source of stock number/acquisition DBAD/PUB
082 ## - DEWEY DECIMAL CLASSIFICATION NUMBER
Classification number 510
100 ## - MAIN ENTRY--PERSONAL NAME
Personal name Deo, Sadashiv G
245 ## - TITLE STATEMENT
Title Popular lectures in undergraduate mathematics /
Statement of responsibility, etc by Sadashiv G deo...et.al.
260 ## - PUBLICATION, DISTRIBUTION, ETC. (IMPRINT)
Place of publication, distribution, etc Hyderabad
Name of publisher, distributor, etc Universities Press
Date of publication, distribution, etc 2009
270 ## - ADDRESS
Address 3-6-747/1/A & 3-6-754/1, Himayatnagar
City Hyderabad
Postal code 500029
300 ## - PHYSICAL DESCRIPTION
Extent xvii, 265p.:
Other physical details ill.
Dimensions 24cm (pbk)
500 ## - GENERAL NOTE
General note includes bibliographical references and index
650 ## - SUBJECT ADDED ENTRY--TOPICAL TERM
Topical term or geographic name as entry element Mathematics
942 ## - ADDED ENTRY ELEMENTS (KOHA)
Source of classification or shelving scheme Dewey Decimal Classification
Item type English Books
Classification part 510
Call number suffix DEO
Holdings
Withdrawn status Lost status Not for loan Collection code Home library Current library Date acquired Source of acquisition Cost, normal purchase price Full call number Barcode Copy number Cost, replacement price Koha item type
    Not For Loan Non-fiction D.B.Act.Division D.B.Act.Division 03/08/2010 DBAD/PUB 375.00 510 DEO EN-81490 1 375.00 English Books

© Delhi Public Library
Hit Counter
free hit counter